Wetlands management in Vietnam : Issues and perspectives
This volume compiles and presents side by side the perspectives of many of the researchers and offcials at national and provincial levels who are at the forefront of addressing these questions. It includes reviews of the legal and institutional framework, explanations of specific,...
Đã lưu trong:
| Formáid: | Leabhar |
|---|---|
| Teanga: | Undetermined |
| Foilsithe: |
Penang, Malaysia
Worldfish center
2003
|
| Ábhair: | |
| Clibeanna: |
Cuir Clib Leis
Gan Chlibeanna, Bí ar an gcéad duine leis an taifead seo a chlibeáil!
|
| Thư viện lưu trữ: | Trung tâm Học liệu Trường Đại học Cần Thơ |
|---|
| LEADER | 00949nam a2200205Ia 4500 | ||
|---|---|---|---|
| 001 | CTU_160103 | ||
| 008 | 210402s9999 xx 000 0 und d | ||
| 082 | |a 363.7 | ||
| 082 | |b W539/2003 | ||
| 245 | 0 | |a Wetlands management in Vietnam : | |
| 245 | 0 | |b Issues and perspectives | |
| 245 | 0 | |c Edited by Magnus Torell, Albert M. Salamanca, Blake D. Ratner | |
| 260 | |a Penang, Malaysia | ||
| 260 | |b Worldfish center | ||
| 260 | |c 2003 | ||
| 520 | |a This volume compiles and presents side by side the perspectives of many of the researchers and offcials at national and provincial levels who are at the forefront of addressing these questions. It includes reviews of the legal and institutional framework, explanations of specific,... | ||
| 650 | |a Wetland ecology,Wetland conservation,Sinh thái đất ngập nước | ||
| 650 | |z Vietnam,Vietnam,Việt Nam | ||
| 904 | |i Năm | ||
| 980 | |a Trung tâm Học liệu Trường Đại học Cần Thơ | ||